[Event "ESP-chT CECLUB Div2"]
[Site "Linares"]
[Date "2017.08.08"]
[Round "1.2"]
[White "Alsina Leal, Daniel"]
[Black "Aparicio Garcia, Enrique"]
[Result "1-0"]
[WhiteElo "2507"]
[BlackElo "2147"]
[PlyCount "63"]
[EventDate "2017.08.08"]
[EventType "team"]
[EventRounds "7"]
[EventCountry "ESP"]
[SourceTitle "CBM 179 Extra"]
[Source "ChessBase"]
[SourceDate "2017.08.23"]
[SourceVersion "1"]
[SourceVersionDate "2017.08.23"]
[SourceQuality "1"]
[WhiteTeam "Barbera"]
[BlackTeam "Oviedo Real II"]
[WhiteTeamCountry "ESP"]
[BlackTeamCountry "ESP"]

1. e4 Nf6 2. e5 Nd5 3. d4 d6 4. Nf3 Bg4 5. Be2 c6 6. c4 Nb6 7. exd6 Bxf3 8. dxe7 Bxe7 9. Bxf3 Nxc4 10. 0-0 0-0 11. Nc3 Bf6 12. Qb3 Na5 13. Qa4 b5 14. Qc2 Na6 15. a3 Qb6 16. d5 Bxc3 17. Qxc3 cxd5 18. Bxd5 Rac8 19. Qh3 Qd4 20. Bf3 Nb3 21. Be3 Qf6 22. Be4 h6 23. Rad1 Nac5 24. Bd5 Qxb2 25. Qf5 Qxa3 26. Bxf7+ Kh8 27. Bxh6 Qa6 28. Be3 g6 29. Qe5+ Kh7 30. Bxb3 Qf6 31. Qxf6 Rxf6 32. Bxc5 1-0

[Event "Villa de Gijon op 3rd"]
[Site "Gijon"]
[Date "2017.07.25"]
[Round "2"]
[White "Aparicio Garcia, Enrique"]
[Black "Gascon del Nogal, Jose Rafael"]
[Result "0-1"]
[WhiteElo "2147"]
[BlackElo "2489"]
[PlyCount "76"]
[EventDate "2017.07.24"]
[EventType "swiss"]
[EventRounds "9"]
[EventCountry "ESP"]
[SourceTitle "CBM 179 Extra"]
[Source "ChessBase"]
[SourceDate "2017.08.23"]
[SourceVersion "1"]
[SourceVersionDate "2017.08.23"]
[SourceQuality "1"]

1. d4 Nf6 2. f3 d5 3. e4 dxe4 4. Nc3 e3 5. Bxe3 e6 6. Bd3 Nbd7 7. Nge2 Be7 8. 0-0 0-0 9. Qe1 c5 10. Rd1 Qc7 11. Qg3 Qxg3 12. Nxg3 cxd4 13. Bxd4 Nc5 14. Be2 a6 15. a3 b5 16. b4 Ncd7 17. Nce4 Bb7 18. c4 bxc4 19. Bxc4 Rfc8 20. Bd3 a5 21. Rb1 axb4 22. axb4 Nd5 23. Nc5 Nxc5 24. bxc5 Bc6 25. Bb5 f5 26. Rfe1 Ra5 27. Bf1 Kf7 28. Rec1 Bg5 29. Re1 Bd2 30. Re2 Nc3 31. Rxd2 Nxb1 32. Rb2 Na3 33. Nh5 g5 34. h4 h6 35. hxg5 hxg5 36. Ng3 Nb5 37. Bf2 Ra1 38. Ne2 Rd8 0-1

[Event "Oviedo op 3rd"]
[Site "Oviedo"]
[Date "2008.07.27"]
[Round "5"]
[White "Sanz Sanz, Clemente"]
[Black "Aparicio Garcia, Enrique"]
[Result "0-1"]
[WhiteElo "1802"]
[BlackElo "2140"]
[PlyCount "96"]
[EventDate "2008.07.23"]
[EventType "swiss"]
[EventRounds "9"]
[EventCountry "ESP"]
[SourceTitle "CBM 125 Extra"]
[Source "ChessBase"]
[SourceDate "2008.09.01"]
[SourceVersion "1"]
[SourceVersionDate "2008.09.01"]
[SourceQuality "1"]

1. e4 d5 2. exd5 Qxd5 3. Nc3 Qa5 4. d4 Nf6 5. Nf3 c6 6. Be2 Bf5 7. 0-0 Nbd7 8. Re1 e6 9. Bd2 Qc7 10. h3 h6 11. Be3 Bd6 12. Bd3 0-0-0 13. Bxf5 exf5 14. Qd3 f4 15. Bd2 g5 16. Ne5 Nxe5 17. dxe5 Bxe5 18. Qf5+ Nd7 19. Re4 Kb8 20. Rae1 f6 21. b4 Nb6 22. Nb1 Nc8 23. R4e2 Ne7 24. Qe6 Ng6 25. Bc3 f3 26. Bxe5 Nxe5 27. Re3 Rd6 28. Qf5 fxg2 29. Kxg2 Rg8 30. Nc3 Ng6 31. Re8+ Rd8 32. Rxg8 Nh4+ 33. Kg1 Nxf5 34. Ree8 Kc8 35. Rxd8+ Qxd8 36. Rxd8+ Kxd8 37. Ne4 Ke7 38. Kg2 b6 39. c3 Ke6 40. Kf3 h5 41. a3 Ke5 42. Nd2 Nd6 43. a4 Kd5 44. Ke3 Nc4+ 45. Kd3 Nxd2 46. Kxd2 Kc4 47. Kc2 f5 48. f3 f4 0-1

[Event "Oviedo op 3rd"]
[Site "Oviedo"]
[Date "2008.07.25"]
[Round "3"]
[White "Aparicio Garcia, Enrique"]
[Black "Fernandez Riesgo, Manuel"]
[Result "1/2-1/2"]
[WhiteElo "2140"]
[BlackElo "1862"]
[PlyCount "83"]
[EventDate "2008.07.23"]
[EventType "swiss"]
[EventRounds "9"]
[EventCountry "ESP"]
[SourceTitle "CBM 125 Extra"]
[Source "ChessBase"]
[SourceDate "2008.09.01"]
[SourceVersion "1"]
[SourceVersionDate "2008.09.01"]
[SourceQuality "1"]

1. e4 e6 2. d4 d5 3. e5 c5 4. c3 Nc6 5. Be3 cxd4 6. cxd4 Bb4+ 7. Nc3 Nge7 8. Bd3 0-0 9. Nf3 Nf5 10. 0-0 Nxe3 11. fxe3 f6 12. exf6 Rxf6 13. e4 Nxd4 14. e5 Nxf3+ 15. Rxf3 Bc5+ 16. Kh1 Rxf3 17. Qxf3 Qe7 18. Rc1 Bd7 19. Nxd5 exd5 20. Qxd5+ Be6 21. Qxc5 Rc8 22. Qe3 Rxc1+ 23. Qxc1 Bxa2 24. Qc3 Qd7 25. h3 Bd5 26. Kh2 Qc6 27. Qd4 Qe6 28. Qc3 Qc6 29. Qd4 Qe6 30. Qf4 a6 31. Qg5 Qd7 32. Qh4 h6 33. Qd4 Qe6 34. Qf4 Qf7 35. Qg3 Qe6 36. Bg6 Bc6 37. Bc2 Bd5 38. Qc3 Qc6 39. Qd3 Qe6 40. Qd4 Qc6 41. Bf5 Qc4 42. Qd2 1/2-1/2

[Event "Oviedo op"]
[Site "Oviedo"]
[Date "2007.07.23"]
[Round "3"]
[White "Prieto Perez, Rodrigo"]
[Black "Aparicio Garcia, Enrique"]
[Result "0-1"]
[WhiteElo "1919"]
[BlackElo "2179"]
[PlyCount "90"]
[EventDate "2007.07.21"]
[EventType "swiss"]
[EventRounds "9"]
[EventCountry "ESP"]
[SourceTitle "EXT 2008"]
[Source "ChessBase"]
[SourceDate "2007.11.25"]
[SourceVersion "1"]
[SourceVersionDate "2007.11.25"]
[SourceQuality "1"]

1. d4 d6 2. Nf3 Nd7 3. c3 c6 4. e4 Qc7 5. Bd3 Ngf6 6. Bg5 e5 7. 0-0 Be7 8. Nh4 h6 9. Bxf6 Nxf6 10. dxe5 dxe5 11. Qe2 Bg4 12. f3 Be6 13. Nf5 Bf8 14. b4 g6 15. Ne3 h5 16. Bc4 Bd7 17. a4 h4 18. Ng4 Nh5 19. Rd1 0-0-0 20. Nd2 Bd6 21. Qf2 f5 22. Ne3 Rdf8 23. Rab1 Nf6 24. b5 fxe4 25. bxc6 Bxc6 26. Be6+ Kb8 27. Bg4 Bc5 28. h3 exf3 29. Nb3 Bxe3 30. Qxe3 f2+ 31. Kf1 Ne4 32. Nc5 Nxc5 33. Bf3 e4 34. Bg4 Nd3 35. Be2 Qf4 36. Qxf4+ Nxf4 37. Rd6 Bxa4 38. Ba6 Rh7 39. Kxf2 Nxh3+ 40. Ke3 Nf4 41. Rb2 Re7 42. Rd4 Bc6 43. Rd6 Nd5+ 44. Kd4 Kc7 45. Kc5 b6+ 0-1

[Event "ESP-ch Student"]
[Site "Cartagena"]
[Date "2007.05.09"]
[Round "8"]
[White "Aparicio Garcia, Enrique"]
[Black "Rabadan Velasco, Raul"]
[Result "0-1"]
[WhiteElo "2158"]
[BlackElo "2281"]
[PlyCount "108"]
[EventDate "2007.05.06"]
[EventType "swiss"]
[EventRounds "9"]
[EventCountry "ESP"]
[SourceTitle "CBM 118 Extra"]
[Source "ChessBase"]
[SourceDate "2007.07.04"]
[SourceVersion "1"]
[SourceVersionDate "2007.07.04"]
[SourceQuality "1"]

1. e4 c5 2. Nf3 d6 3. c3 Nf6 4. Bd3 g5 5. h3 g4 6. hxg4 Bxg4 7. Bc4 e6 8. e5 dxe5 9. Qa4+ Nbd7 10. Nxe5 Bf5 11. Bd3 Bxd3 12. Nxd3 Rg8 13. Kf1 Rg4 14. Qd1 Qc7 15. Ne1 Ne5 16. d3 0-0-0 17. Qe2 Bd6 18. Na3 Qc6 19. Nac2 Rdg8 20. f3 R4g6 21. d4 Ned7 22. Be3 c4 23. Rd1 Nb6 24. b3 Nfd5 25. Qd2 cxb3 26. axb3 Nxc3 27. Rc1 Qb5+ 28. Qd3 Qxd3+ 29. Nxd3 Ncd5 30. Rxh7 Kd8 31. Nde1 Ke7 32. Bd2 Nf4 33. Bxf4 Bxf4 34. Ra1 a6 35. Nb4 Bd2 36. Nbd3 Nd5 37. Ra2 Bc3 38. Ne5 R6g7 39. Rxg7 Rxg7 40. Nc2 Rh7 41. Nd3 Rh1+ 42. Kf2 Kd6 43. Ra4 Rd1 44. Nde1 Nb6 45. Ra2 Bxe1+ 46. Nxe1 Rxd4 47. Ke3 Rd1 48. Ke2 Rb1 49. Rd2+ Nd5 50. Rd3 Kc5 51. g3 Rb2+ 52. Kd1 b5 53. Kc1 Re2 54. Nc2 Rxc2+ 0-1

[Event "ESP-ch Student"]
[Site "Cartagena"]
[Date "2007.05.08"]
[Round "3"]
[White "Alcaraz Pacheco, Ivan"]
[Black "Aparicio Garcia, Enrique"]
[Result "1/2-1/2"]
[WhiteElo "1953"]
[BlackElo "2158"]
[PlyCount "66"]
[EventDate "2007.05.06"]
[EventType "swiss"]
[EventRounds "9"]
[EventCountry "ESP"]
[SourceTitle "CBM 118 Extra"]
[Source "ChessBase"]
[SourceDate "2007.07.04"]
[SourceVersion "1"]
[SourceVersionDate "2007.07.04"]
[SourceQuality "1"]

1. d4 Nf6 2. Bg5 e6 3. Nd2 c5 4. e3 cxd4 5. exd4 Qb6 6. Nc4 Qc7 7. Nf3 b5 8. Nce5 Nc6 9. Be2 a6 10. Nxc6 Qxc6 11. Ne5 Qc7 12. Bf3 Bb7 13. 0-0 Be7 14. Re1 0-0 15. Rc1 Rac8 16. c3 Rfd8 17. Qe2 h6 18. Bd2 Qb6 19. b3 Bxf3 20. Qxf3 d6 21. Ng4 Nxg4 22. Qxg4 Kf8 23. Qe4 d5 24. Qf3 b4 25. Qd3 bxc3 26. Rxc3 Bb4 27. Rcc1 Bxd2 28. Qxd2 Qb5 29. Rxc8 Rxc8 30. Rc1 Qb7 31. Rxc8+ Qxc8 32. Qb4+ Kg8 33. Qc5 Qb7 1/2-1/2

[Event "Pablo Moran Memorial blindfold"]
[Site "Oviedo"]
[Date "2005.12.19"]
[Round "5"]
[White "Gonzalez Menendez, Ivan"]
[Black "Aparicio Garcia, Enrique"]
[Result "1-0"]
[WhiteElo "2395"]
[BlackElo "2154"]
[PlyCount "51"]
[EventDate "2005.12.18"]
[EventType "tourn"]
[EventRounds "5"]
[EventCountry "ESP"]
[SourceTitle "CBM 110 Extra"]
[Source "ChessBase"]
[SourceDate "2006.03.10"]
[SourceVersion "2"]
[SourceVersionDate "2006.03.10"]
[SourceQuality "1"]

1. e4 e5 2. d4 exd4 3. Nf3 Nc6 4. Nxd4 Bc5 5. Be3 Qf6 6. Nb5 Bxe3 7. fxe3 Qe7 8. Nxc7+ Kd8 9. Nxa8 Nf6 10. Nc3 Nxe4 11. Qd3 Qh4+ 12. g3 Nxg3 13. hxg3 Qxh1 14. 0-0-0 Qh6 15. Bg2 Re8 16. Kb1 Rxe3 17. Qd5 Qe6 18. Qg5+ Qe7 19. Qxg7 Nb4 20. Qh8+ Qe8 21. Qf6+ Qe7 22. Qf4 Na6 23. Bf1 b6 24. Bxa6 Bxa6 25. Qb8+ Bc8 26. Qc7+ 1-0

[Event "Asturias-chT final"]
[Site "Asturias"]
[Date "2004.02.07"]
[Round "2"]
[White "Cortes, C."]
[Black "Aparicio Garcia, Enrique"]
[Result "0-1"]
[WhiteElo "2082"]
[BlackElo "2133"]
[PlyCount "89"]
[EventDate "2004.01.??"]
[EventType "team-tourn"]
[EventRounds "3"]
[EventCountry "ESP"]
[SourceTitle "EXT 2006"]
[Source "ChessBase"]
[SourceDate "2005.11.24"]
[SourceVersion "1"]
[SourceVersionDate "2005.11.24"]
[SourceQuality "1"]

1. g3 e5 2. c4 f5 3. Nc3 Nf6 4. Bg2 Nc6 5. d3 Bc5 6. e3 0-0 7. Nge2 Qe7 8. 0-0 a6 9. a3 d6 10. d4 Ba7 11. b4 e4 12. f3 exf3 13. Bxf3 Nd8 14. Qd3 Nf7 15. Nf4 c6 16. Bg2 Ng5 17. Nh3 Nge4 18. Nxe4 fxe4 19. Qb3 Bxh3 20. Bxh3 d5 21. Bd2 Qf7 22. cxd5 cxd5 23. b5 axb5 24. Qxb5 Rfe8 25. Bb4 Qh5 26. Kg2 Qh6 27. Rae1 g5 28. Rxf6 Qxf6 29. Qxd5+ Kh8 30. Rf1 Qd8 31. Qxb7 Bb6 32. Qc6 Ra7 33. Rf6 Ba5 34. Bc5 Rg7 35. Bf5 Bd2 36. d5 Rc7 37. Rf8+ Rxf8 38. Bd4+ Kg8 39. Qe6+ Rff7 40. Qe5 Rg7 41. Be6+ Kh8 42. d6 Qf8 43. Qxe4 Rc1 44. Qd3 Ba5 45. e4 0-1

[Event "Asturias-chT Preferente 0304"]
[Site "Asturias"]
[Date "2003.11.29"]
[Round "4"]
[White "Aparicio Garcia, Enrique"]
[Black "Pascual Fraile, Francisco Javier"]
[Result "1-0"]
[WhiteElo "2128"]
[BlackElo "2076"]
[PlyCount "73"]
[EventDate "2003.??.??"]
[EventType "team-tourn"]
[EventRounds "7"]
[EventCountry "ESP"]
[SourceTitle "EXT 2007"]
[Source "ChessBase"]
[SourceDate "2006.11.23"]
[SourceVersion "1"]
[SourceVersionDate "2006.11.23"]
[SourceQuality "1"]

1. e4 d5 2. exd5 Nf6 3. d4 Qxd5 4. Nc3 Qd8 5. Bg5 e6 6. Nf3 Be7 7. Bd3 Nd5 8. Ne4 Nc6 9. c3 Bxg5 10. Nexg5 Nf4 11. Bf1 b6 12. Bb5 Bd7 13. Nxf7 Kxf7 14. Bxc6 Bxc6 15. Ne5+ Kg8 16. Nxc6 Nxg2+ 17. Kf1 Qe8 18. Qf3 Nh4 19. Ne7+ Qxe7 20. Qxa8+ Qf8 21. Qxf8+ Kxf8 22. Re1 Kf7 23. Re4 Nf5 24. Kg2 Re8 25. Rhe1 c6 26. a4 g5 27. f4 g4 28. a5 h5 29. axb6 axb6 30. Ra1 Nh4+ 31. Kf2 Nf5 32. Ra7+ Kf6 33. Rc7 h4 34. Rxc6 g3+ 35. hxg3 h3 36. Re1 Rg8 37. Rexe6+ 1-0

[Event "Asturias-ch Preferente"]
[Site "Gijon"]
[Date "2002.10.03"]
[Round "5.2"]
[White "Aguera Naredo, Javier"]
[Black "Aparicio Garcia, Enrique"]
[Result "1-0"]
[WhiteElo "2261"]
[BlackElo "2106"]
[PlyCount "41"]
[EventDate "2002.02.24"]
[EventType "swiss"]
[EventRounds "9"]
[EventCountry "ESP"]
[SourceTitle "EXT 2003"]
[Source "ChessBase"]
[SourceDate "2002.11.25"]
[SourceVersion "1"]
[SourceVersionDate "2002.11.25"]
[SourceQuality "1"]

1. e4 e5 2. Nf3 d6 3. d4 Nf6 4. Nc3 Nbd7 5. Bc4 Be7 6. 0-0 c6 7. a4 0-0 8. a5 Qc7 9. Re1 exd4 10. Nxd4 Nc5 11. b4 Ne6 12. Nf5 d5 13. exd5 Bxb4 14. d6 Qd8 15. Bb2 Nf4 16. Ne7+ Kh8 17. Ne4 Nxe4 18. Rxe4 Bxd6 19. Qd4 Nh5 20. Qe3 f5 21. Ng6+ 1-0

[Event "Pablo Moran Memorial blindfold 3rd"]
[Site "Oviedo"]
[Date "2001.12.02"]
[Round "2"]
[White "Gonzalez Menendez, Ivan"]
[Black "Aparicio Garcia, Enrique"]
[Result "1-0"]
[WhiteElo "2223"]
[BlackElo "2000"]
[PlyCount "55"]
[EventDate "2001.12.02"]
[EventType "tourn"]
[EventRounds "7"]
[EventCountry "ESP"]
[SourceTitle "EXT 2003"]
[Source "ChessBase"]
[SourceDate "2002.11.25"]
[SourceVersion "1"]
[SourceVersionDate "2002.11.25"]
[SourceQuality "1"]

1. e4 e5 2. d4 Nf6 3. Bc4 d6 4. dxe5 dxe5 5. Bxf7+ Ke7 6. Qxd8+ Kxd8 7. Bg5 Be7 8. Nc3 Rf8 9. 0-0-0+ Nbd7 10. Be6 c6 11. Nf3 Kc7 12. Bxd7 Bxd7 13. Nxe5 Be6 14. f3 h6 15. Ng6 hxg5 16. Nxe7 Nd7 17. h4 g4 18. fxg4 Rf4 19. Nf5 Rxg4 20. Nd4 Bf7 21. Rhf1 Bg6 22. Ne6+ Kb6 23. Rxd7 Rxg2 24. Na4+ Ka5 25. Rxb7 Bxe4 26. Nac5 Rxc2+ 27. Kd1 Rc4 28. Nb3+ 1-0

[Event "Asturias-chT Preferente 0102"]
[Site "Asturias"]
[Date "2001.11.10"]
[Round "2.6"]
[White "Fernandez Campos, Jose Carlos"]
[Black "Aparicio Garcia, Enrique"]
[Result "0-1"]
[WhiteElo "1925"]
[BlackElo "1896"]
[PlyCount "76"]
[EventDate "2001.11.03"]
[EventType "team-tourn"]
[EventRounds "11"]
[EventCountry "ESP"]
[SourceTitle "EXT 2003"]
[Source "ChessBase"]
[SourceDate "2002.11.25"]
[SourceVersion "1"]
[SourceVersionDate "2002.11.25"]
[SourceQuality "1"]

1. d4 Nf6 2. c4 e6 3. Nc3 d5 4. Nf3 c6 5. e3 Nbd7 6. Bd3 dxc4 7. Bxc4 b5 8. Bd3 a6 9. 0-0 c5 10. Bd2 Bb7 11. Rc1 cxd4 12. Nxd4 Be7 13. Nce2 0-0 14. a3 Ne5 15. Bb1 Nc4 16. Bc3 Qb6 17. Ng3 Rfd8 18. Qe2 Nd5 19. Be1 Nf4 20. exf4 Qxd4 21. Qg4 Nd2 22. Bxd2 Qxd2 23. Rfd1 Qa5 24. f5 Bd5 25. Nh5 Bf8 26. Nf6+ Kh8 27. Qh4 h6 28. Nxd5 exd5 29. g4 Qa4 30. Qh5 Qf4 31. Rc3 d4 32. Rg3 Qg5 33. Qxf7 Bd6 34. Rg2 Rac8 35. Re1 Rc1 36. Qe6 Rdc8 37. f3 Rxe1+ 38. Qxe1 Rc1 0-1